University Home | Library Home | Institutional Repository

National Refugee Policy / (Record no. 216511)

MARC details
000 -LEADER
fixed length control field 00582nam a22001577a 4500
005 - DATE AND TIME OF LATEST TRANSACTION
control field 20260327115021.0
008 - FIXED-LENGTH DATA ELEMENTS--GENERAL INFORMATION
fixed length control field 260327b ||||| |||| 00| 0 eng d
040 ## - CATALOGING SOURCE
Original cataloging agency LC
Transcribing agency UNZA
Modifying agency UNZA
Description conventions RDA
099 ## - LOCAL FREE-TEXT CALL NUMBER (OCLC)
Classification number GOV.ZAM (02) 2023
110 ## - MAIN ENTRY--CORPORATE NAME
Corporate name or jurisdiction name as entry element Ministry of Home Affairs and Internal Secirity
245 ## - TITLE STATEMENT
Title National Refugee Policy /
Statement of responsibility, etc. Ministry of Home Affairs and Internal Security
260 ## - PUBLICATION, DISTRIBUTION, ETC.
Place of publication, distribution, etc. Lusaka :
Name of publisher, distributor, etc. Ministry of Home Affairs and Internal Secirity,
Date of publication, distribution, etc. Novermber, 2023.
300 ## - PHYSICAL DESCRIPTION
Extent 24 pages :
Other physical details illustrations.
650 ## - SUBJECT ADDED ENTRY--TOPICAL TERM
Topical term or geographic name entry element Policy
General subdivision National refugee policy
Geographic subdivision Zambia.
999 ## -
-- 216511
-- 216511
942 ## - ADDED ENTRY ELEMENTS (KOHA)
Koha item type Government Publications
Holdings
Withdrawn status Lost status Source of classification or shelving scheme Damaged status Not for loan Home library Current library Shelving location Date acquired Total Checkouts Full call number Barcode Date last seen Copy number Price effective from Koha item type
    Library of Congress Classification     Main Library Main Library Special collections 03/27/2026   GOV.AZM (02) 2023 33729006793355 03/27/2026 C.1 03/27/2026 Government Publications
© 2026 - The University of Zambia Library - Koha v25.11